Emill and the Sneaky Rat / (Record no. 4113)

MARC details
000 -LEADER
fixed length control field 01331nam a22002897a 4500
001 - CONTROL NUMBER
control field 4113
003 - CONTROL NUMBER IDENTIFIER
control field FISKH
005 - DATE AND TIME OF LATEST TRANSACTION
control field 20240607110000.0
008 - FIXED-LENGTH DATA ELEMENTS--GENERAL INFORMATION
fixed length control field 240607b cb ||||| |||| 00| 0 eng d
020 ## - INTERNATIONAL STANDARD BOOK NUMBER
International Standard Book Number 9780192727589
040 ## - CATALOGING SOURCE
Original cataloging agency FISKH
Language of cataloging eng
Transcribing agency FISKH
Modifying agency FISKH
050 ## - LIBRARY OF CONGRESS CALL NUMBER
Classification number PZ7.L6585
082 ## - DEWEY DECIMAL CLASSIFICATION NUMBER
Classification number 839.7374
100 ## - MAIN ENTRY--PERSONAL NAME
Personal name Lindgren, Astrid
Dates associated with a name author
245 ## - TITLE STATEMENT
Title Emill and the Sneaky Rat /
Statement of responsibility, etc. Translated by Susan Beard : illustrated by Tony Ross
250 ## - EDITION STATEMENT
Edition statement First published in this edition 2008
260 ## - PUBLICATION, DISTRIBUTION, ETC.
Place of publication, distribution, etc. New York :
Name of publisher, distributor, etc. Oxford University Press ;
Date of publication, distribution, etc. 1966
300 ## - PHYSICAL DESCRIPTION
Extent 153 pages :
Other physical details illustrations ;
Dimensions 21 cm .
490 ## - SERIES STATEMENT
Series statement Emil of Lonneberga
505 ## - FORMATTED CONTENTS NOTE
Formatted contents note K <br/>
520 ## - SUMMARY, ETC.
Summary, etc. There's a rat running amok in Emil's house, and he's determined to capture it. But hiding the rat trap just under his father's bed probably isn't ideal . . . That's just the start of Emil's adventures, which, once begun, never stop. Hens, dogs, little sisters - and adults - all flee his path.But Emil doesn't mean to be bad, it's just that trouble - and fun - follow him wherever he goes.A collection of utterly engaging tales from one of the world's best-loved children's authors.<br/>
521 8# - TARGET AUDIENCE NOTE
Target audience note 520 <br/>
Source Lexile estimate <br/>
521 8# - TARGET AUDIENCE NOTE
Target audience note K <br/>
Source Raz-Plus <br/>
700 ## - ADDED ENTRY--PERSONAL NAME
Personal name Ross, Tony
Relator term illustrator
942 ## - ADDED ENTRY ELEMENTS (KOHA)
Source of classification or shelving scheme Dewey Decimal Classification
Koha item type Books
Suppress in OPAC No
Holdings
Withdrawn status Lost status Source of classification or shelving scheme Damaged status Not for loan Collection Home library Current library Shelving location Date acquired Total Checkouts Full call number Barcode Date last seen Price effective from Koha item type
    Dewey Decimal Classification     Fiction Footprints International School Library Network Toul Kork Campus Footprints International School Library Network Toul Kork Campus   06/07/2024   LIN 839.7374 PZ7.L6585 FIS01883 06/07/2024 06/07/2024 Books